000 00282nam a2200109Ia 4500
008 200302s9999 xx 000 0 und d
100 _aAlbrto Alessi
245 _aSingular Plural (Geninasca Delfortrie Architects)
260 _bBirkhauser Verlag Gmbh
260 _c2012
300 _a325
999 _c6171
_d6171